| 000 | 00922nam a2200229 a 4500 | ||
|---|---|---|---|
| 001 | BRCA_524 | ||
| 005 | 20190320203040.0 | ||
| 008 | 930216s1993 caua---##b---#001-0#eng-# | ||
| 020 | _a0892362219 | ||
| 050 | 4 |
_aNK460 _b.B74 1993 |
|
| 100 | 1 |
_aBremer-David, Charissa _91809 |
|
| 245 | 1 | 0 |
_aDecorative Arts _ban Illustrated Summary Catalogue of the Collections of the J. Paul Getty Museum _cCharissa Bremer-David with Peggy Fogelman, Peter Fusco, Catherine Hess. |
| 260 |
_aMalibu, California _bJ. Paul Getty Museum _c1993 |
||
| 300 |
_a308 p. _bil. _c22 cm. |
||
| 500 | _aIncluye índice de marcas e índice de propietarios anteriores | ||
| 610 | 2 | 4 |
_aJ. Paul Getty Museum _vCatálogos _zCalifornia (Estados Unidos) _91549 |
| 650 | 1 | 4 |
_aArtes decorativas _vCatálogos _zCalifornia (Estados Unidos) _91810 |
| 700 | 1 |
_aFogelman, Peggy _91811 |
|
| 700 | 1 |
_aFusco, Peter _91812 |
|
| 700 | 1 |
_aHess, Catherine _91813 |
|
| 942 |
_2lcc _cB |
||
| 999 |
_c456 _d456 |
||